01537nam a2200373 a 4500001001200000003000800012006001900020007001500039008004100054010001700095020001500112020003300127020001800160020002700178040002100205035002100226050002300247082001300270111009300283245007900376260004600455300002500501490005900526500005800585504004100643533015200684650003500836650003500871650003900906655002900945710001700974830004600991856012601037ebr10575516CaPaEBRm u cr cn|||||||||750707s1974 ne a sb 101 0 eng d z 75317672  z0444151443 z9021940280 (Excerpta Medica) z9780470663189 z9780470717769 (e-book) aCaPaEBRcCaPaEBR a(OCoLC)64997974614aRA1221b.S9 1974eb04a615.9/072 aSymposium on the Poisoned Patient: the Role of the Laboratoryd(1974 :cLondon, England)14aThe poisoned patienth[electronic resource] :bthe role of the laboratory. aAmsterdam ;aNew York :bElsevier,c1974. aviii, 325 p. :bill.1 aCiba Foundation symposium, new series ;v26 (new ser.) aHeld at the Ciba Foundation 19th-21st February, 1974. aIncludes bibliographies and indexes. aElectronic reproduction.bPalo Alto, Calif. :cebrary,d2011.nAvailable via World Wide Web.nAccess may be limited to ebrary affiliated libraries. 0aPoisonsxAnalysisvCongresses. 0aDrugsxToxicologyvCongresses. 0aBody fluidsxAnalysisvCongresses. 7aElectronic books.2local2 aebrary, Inc. 0aCiba Foundation symposium ;vnew ser. 26.40uhttp://site.ebrary.com/lib/rucke/Doc?id=10575516zAn electronic book accessible through the World Wide Web; click to view